Taylor Swift - Compléter le bridge de Bejeweled - Statistiques

Statistiques générales
  • Ce quiz a été pris 98 fois
  • Le résultat moyen est 6 sur 8
Statistiques - réponses
Question Réponse % Correct
Just 'cause he was *** high
100%
But some guy said my *** moonstone aura's
87%
What's a girl *** do? gonna
87%
A diamond's *** shine gotta
87%
But you *** have to wait in line might
83%
Sadness *** my whole sky became
72%
And we're *** all night. And you can try to change my mind dancin'
65%
*** tears on my face Sapphire
35%
Aucun quiz correspondant
Distribution des résultats
% des personnes avec chaque résultat
Percentile par nombre de réponses
Votre historique - résultats
Vous n’avez pas pris ce quiz